The Punjab Municipal Account code 1930 as extended to Delhi state (Record no. 488722)

000 -LEADER
fixed length control field 00333cam a22001097a 4500
008 - FIXED-LENGTH DATA ELEMENTS--GENERAL INFORMATION
fixed length control field 180718b1952 xxu||||| |||| 00| 0 eng d
082 ## - DEWEY DECIMAL CLASSIFICATION NUMBER
Classification number B7301x5461 D378/1951
100 ## - MAIN ENTRY--PERSONAL NAME
Personal name Delhi Municipal Committee
245 ## - TITLE STATEMENT
Title The Punjab Municipal Account code 1930 as extended to Delhi state
260 ## - PUBLICATION, DISTRIBUTION, ETC.
Place of publication, distribution, etc. Delhi
Name of publisher, distributor, etc. The author
Date of publication, distribution, etc. 1952
300 ## - PHYSICAL DESCRIPTION
Extent 108+p.
Holdings
Withdrawn status Lost status Damaged status Not for loan Permanent Location Current Location Date acquired Full call number Barcode Date last seen Price effective from Koha item type
        Indian Institute of Public Administration Indian Institute of Public Administration 2018-08-04 B7301x5461 D378/1951 GG16516 2018-08-04 2018-08-04 GG

Powered by Koha